[Event "Aeroflot Open 2017"]
[Site "Moscow"]
[Date "2017.02.21"]
[Round "1"]
[White "Bluebaum, Matthias"]
[Black "Pavlovic, Milos"]
[Result "1-0"]
[WhiteElo "2632"]
[BlackElo "2512"]
[Annotator "TA"]
[PlyCount "153"]
[EventDate "2017.??.??"]

1. Nf3 Nf6 2. g3 g6 3. c4 Bg7 4. d4 O-O 5. Bg2 c5 6. d5 e6 7. Nc3 exd5 8. cxd5
d6 9. O-O Re8 10. Bf4 a6 11. a4 Qc7 12. Rc1 Nbd7 13. b4 Nh5 14. Bd2 {LiveBook:
14 Games} Nhf6 ({Reject} 14... cxb4 $6 15. Nb5 Qxc1 16. Qxc1 $16) 15. a5 Qd8
16. Na4 {White has an edge.} Ne4 17. Be1 b5 18. axb6 $1 Nxb6 19. Nxb6 ({
Of course not} 19. bxc5 Nxa4 20. Qxa4 Nxc5 $15) 19... Qxb6 20. Nd2 Nxd2 21.
bxc5 ({But not} 21. Bxd2 cxb4 22. Qa4 Bg4 23. Qxb4 Qxb4 24. Bxb4 Bxe2 $15)
21... dxc5 22. Bxd2 Bg4 23. Re1 a5 24. d6 Rad8 25. Qa4 Qxd6 26. Bxa5 Bd7 $2 (
26... Qa6 $1 $11 {and Black is okay.}) 27. Qc4 $2 (27. Qd1 $18 Qe7 28. Bxd8
Rxd8 29. Qd5) 27... Rc8 $11 28. Bb7 Be6 29. Qe4 Rb8 30. Red1 Qe7 31. Bc6 Rec8 (
31... Bb3 $11 32. Qxe7 Rxe7) 32. Bd7 $1 $36 {Black is under strong pressure.}
Qxd7 33. Rxd7 Bxd7 34. Bc3 Bf5 35. Qf4 Bxc3 36. Rxc3 Rb4 37. Qd6 Bh3 (37... Rd4
$16 {was necessary.} 38. Qa6 Rd2) 38. Rc1 (38. f3 $1 $18) 38... Rb2 39. Qe5 Rd2
40. f3 {aiming for g4.} Be6 (40... h5 $16 41. Kf2 Bd7) 41. Qe3 Ra2 42. g4 c4
43. h4 Ra5 44. Kf2 {And now h5! would win.} h5 45. Qc3 Rb5 46. gxh5 Rxh5 47.
Kg3 Rb5 48. e4 Kh7 49. Qf6 Rh5 50. Rc3 Rb8 (50... Ra8 $16 51. Rc2 Rc5) 51. Ra3
$1 $18 Rc8 52. Kf4 (52. f4 $1 $18 {and White stays clearly on top. Ra7 is the
strong threat.} Rb5 53. Ra7) 52... c3 (52... Rhc5 $16) 53. Rxc3 Rxc3 54. Qxc3
Rxh4+ {Endgame KQ-KRB} (54... Rb5 $142 55. Qf6 Rh5) 55. Kg5 Rh3 56. Qe3 $1 Rg3+
57. Kf4 $1 Rh3 {[#]} 58. Ke5 $1 Rh5+ 59. Kf6 g5 60. Qc3 g4 $2 {[#]} (60... Rh6+
$18 61. Kxg5 Rh3) 61. f4 $1 Rh3 62. Qc2 (62. Qe5 $142 Bb3 63. Qf5+ Kh8 64. Ke7
Rh6 65. Kf8 f6 66. e5 Bd1 67. exf6) 62... Bb3 63. Qb2 Rh6+ 64. Ke7 Rb6 65. Qd4
Re6+ 66. Kf8 Rg6 67. f5 $2 (67. Qc3 $18 Rg8+ 68. Ke7) 67... Rg8+ $11 68. Ke7 g3
69. Qd3 Ba2 70. Qe2 {White wants to mate with Qh5+.} Rg7 {Threatens to win
with ...g2.} 71. f6 Rg5 $2 (71... Rg6 $11 72. Qg2 Be6) 72. Qxa2 g2 73. Qxf7+
Kh6 74. Qf8+ $2 (74. Qe6 {mates} Re5 75. Qxe5 g1=Q 76. Qf4+ Kh5 77. Qf5+ Kh4
78. Qh7+ Kg3 79. Qg8+ Kh2 80. Qxg1+ Kxg1 81. f7) 74... Kh7 75. Qf7+ Kh8 $2 (
75... Kh6 $11 76. Qe6 Re5 77. Qxe5 g1=Q 78. Qf4+ Kh5 79. Qf5+ Kh6 80. f7 Qa7+
81. Qd7 Qc5+ 82. Qd6+ Qxd6+ 83. Kxd6 Kh5) 76. Qe6 g1=Q 77. Qh3+ 1-0

[Event "Aeroflot Open 2017"]
[Site "Moscow"]
[Date "2017.02.21"]
[Round "1"]
[White "Kobalia, Mikhail"]
[Black "Esipenko, Andrey"]
[Result "1/2-1/2"]
[WhiteElo "2628"]
[BlackElo "2502"]
[Annotator "TA"]
[PlyCount "55"]
[EventDate "2017.??.??"]

1. c4 Nf6 2. Nf3 e6 3. g3 {??.} d5 4. Bg2 Be7 5. O-O O-O 6. d4 dxc4 7. Qc2 b6
8. Bg5 Nd5 9. Bxe7 Qxe7 10. Qxc4 Ba6 11. Qc2 c5 12. Rd1 Nd7 13. e4 Nb4 14. Qa4
Be2 {[#] aiming for ...b5.} 15. Rd2 Bxf3 (15... b5 $15 16. Qa3 Bxf3 17. Bxf3
cxd4 18. Rxd4 a5) 16. Bxf3 $11 cxd4 17. Rxd4 Ne5 18. Be2 $1 ({Wrong is} 18.
Qxb4 $2 Nxf3+ 19. Kf1 Qf6 $19) 18... Nbc6 19. Rd1 g5 20. Nd2 Rad8 {Strongly
threatening ...Nd4.} 21. Nc4 Rxd1+ 22. Rxd1 ({Reject} 22. Bxd1 Rd8 23. Be2 Rd4
$17) 22... Rd8 23. Rxd8+ Qxd8 24. Nxe5 Nxe5 25. Qxa7 h6 (25... g4 $11) 26. Qa6
(26. Qa4 $1 $14) 26... Kg7 27. Qa3 Qd4 28. Qc3 1/2-1/2

[Event "Aeroflot Open 2017"]
[Site "Moscow"]
[Date "2017.02.21"]
[Round "1"]
[White "Oparin, Grigoriy"]
[Black "Kuybokarov, Temur"]
[Result "1/2-1/2"]
[WhiteElo "2625"]
[BlackElo "2491"]
[Annotator "TA"]
[PlyCount "85"]
[EventDate "2017.??.??"]

1. Nf3 d5 2. g3 Bg4 3. Bg2 c6 4. O-O Nd7 5. d3 Ngf6 6. c4 e6 7. cxd5 exd5 8.
Nc3 Bc5 9. Qb3 Bb6 10. Na4 O-O 11. Nxb6 axb6 12. Qc2 Re8 13. b3 Qe7 14. Re1 {
LiveBook: 5 Games} Bxf3 15. Bxf3 Ne5 16. Bg2 {White is slightly better.} d4 17.
Bb2 Qd7 18. Qd2 c5 19. b4 Nc6 20. a3 Nd5 21. e4 dxe3 22. fxe3 Rad8 23. Rad1 Qg4
24. e4 Nc7 25. e5 Ne6 26. Re4 Qg6 27. Rh4 Ned4 28. Bxd4 Nxd4 29. Be4 {[#]} Qxe4
$1 30. Rxe4 (30. dxe4 Nf3+) 30... Nf3+ 31. Kf2 Nxd2 32. Rxd2 $15 {Endgame
KRR-KRR} f6 33. bxc5 {The position is equal.} bxc5 34. Rb2 Rxd3 35. Rxb7 Rxe5
36. Rxe5 fxe5 $11 {KR-KR} 37. Rc7 Rxa3 38. Rxc5 Ra2+ 39. Kf3 Rxh2 40. Rxe5 Kf7
41. Ra5 Rh6 42. Ra7+ Kg6 43. Ke4 1/2-1/2

[Event "Aeroflot Open 2017"]
[Site "Moscow"]
[Date "2017.02.21"]
[Round "1"]
[White "Jumabayev, Rinat"]
[Black "Moskalenko, Alexander"]
[Result "0-1"]
[WhiteElo "2611"]
[BlackElo "2488"]
[Annotator "TA"]
[PlyCount "58"]
[EventDate "2017.??.??"]

1. e4 c6 2. d4 d5 3. e5 Bf5 4. Nf3 e6 5. Be2 Bb4+ 6. c3 Ba5 7. O-O Nd7 8. Nbd2
Bc7 9. Re1 {LiveBook: 7 Games} g5 ({Black should play} 9... h6 $14) 10. g3 h6
11. Nf1 {White is slightly better.} Qe7 12. Ne3 Bg6 13. c4 dxc4 14. a4 O-O-O
15. Nxc4 f6 16. Qb3 Be4 $1 17. Bd2 {With the idea Na5.} Bd5 18. Bb4 Qh7 (18...
Qg7 $1 $11) 19. Qc3 g4 20. Nfd2 (20. Bd3 $14 Qg7 21. Nh4) 20... h5 $11 21. Bd6
{aiming for Bd3.} h4 22. Bxc7 ({Not} 22. Bxg4 $2 f5 23. Bxf5 Qxf5 24. Bxc7 Qh3
$19) (22. Bd3 $1 $11 f5 23. Nf1) 22... Kxc7 $17 23. Ne3 {[#]} ({But not} 23.
Bxg4 $2 hxg3 24. Qxg3 f5 $19) 23... Ne7 $1 24. Bd3 ({Don't go for} 24. Bxg4 $2
hxg3 25. h3 gxf2+ 26. Kxf2 Kb8 $19) (24. exf6 $17 {keeps fighting.} Nxf6 25.
Nxg4 Nxg4 26. Bxg4) 24... f5 25. Ndf1 hxg3 26. fxg3 Qh6 ({Black should try} 
26... Bf3 $19 27. Rec1 Kb8) 27. Qb4 c5 28. Rac1 $2 {[#]} (28. Nxd5+ $17 Nxd5
29. Qb5) 28... Kb8 $19 29. Qa5 $2 (29. Qd2 Bc6 30. Ng2) 29... Nc6 0-1

[Event "Aeroflot Open 2017"]
[Site "Moscow"]
[Date "2017.02.21"]
[Round "1"]
[White "Bosiocic, Marin"]
[Black "Narayanan, Srinath"]
[Result "0-1"]
[WhiteElo "2602"]
[BlackElo "2474"]
[Annotator "TA"]
[PlyCount "72"]
[EventDate "2017.??.??"]

1. d4 Nf6 2. c4 e6 3. Nf3 {??.} b6 4. g3 Bb7 5. Bg2 Bb4+ 6. Bd2 c5 7. Bxb4 cxb4
8. O-O O-O 9. Qd3 d6 10. Nbd2 Nbd7 11. e4 e5 12. a3 bxa3 13. Rxa3 Re8 14. Nh4
g6 15. d5 Nc5 16. Qe3 a5 17. f4 Nfd7 18. f5 Kg7 19. Bh3 Nf6 20. Nhf3 h6 21.
fxg6 fxg6 22. Nh4 Bc8 23. Bxc8 Rxc8 ({Don't capture} 23... Qxc8 $2 {[#]} 24.
Rxf6 $1 Kxf6 25. Qxh6 $18) 24. b4 (24. Qe2 $11 {keeps the balance.}) 24... axb4
$17 25. Ra7+ Re7 26. Rxf6 Kxf6 27. Qxh6 (27. Qf3+ {was the only defense.} Kg7
28. Rxe7+ Qxe7 29. Qg4) 27... Rxa7 $19 28. Qxg6+ Ke7 29. Nf5+ $2 (29. Qg7+ Ke8
30. Qxa7) 29... Kf8 30. Nxd6 Rcc7 31. Nf5 {[#]} Rg7 $1 32. Qh5 (32. Nxg7 Rxg7)
32... Ra1+ 33. Nf1 Qg5 34. Qh8+ Kf7 35. h4 {[#]} Qf6 $1 {( -> ...Rxg3+)} 36.
Qb8 Nxe4 0-1

[Event "Aeroflot Open 2017"]
[Site "Moscow"]
[Date "2017.02.21"]
[Round "1"]
[White "Maghsoodloo, Parham"]
[Black "Vitiugov, Nikita"]
[Result "1/2-1/2"]
[WhiteElo "2575"]
[BlackElo "2724"]
[Annotator "TA"]
[PlyCount "82"]
[EventDate "2017.??.??"]

1. Nf3 c5 2. c4 Nc6 3. g3 {??.} g6 4. Bg2 Bg7 5. O-O e6 6. Nc3 Nge7 7. d3 O-O
8. Bf4 d5 9. cxd5 Nxd5 10. Bg5 Qd7 11. Qd2 Re8 12. Rfd1 b6 13. Rac1 Bb7 14. Bh6
{next Bxg7 is good for White.} Bh8 15. e4 Nc7 16. Bh3 (16. e5 $11) 16... Ne5
17. Nxe5 Bxe5 18. Ne2 Nb5 19. b4 Rac8 20. bxc5 bxc5 21. Bf4 Nd4 22. Nxd4 Bxd4
23. Bg2 Ba6 24. h4 h5 25. Kh2 Rc6 26. Be3 Rd8 27. e5 Rb6 28. Bg5 {[#] aiming
for Bf6.} Rdb8 {Strongly threatening ...Rb2.} ({Don't play} 28... Bxe5 $6 29.
Rxc5 (29. Bxd8 Qxd8 30. Kh1 Bd4 $11) 29... Bd6 30. Bxd8 Qxd8 31. Rg5 $14) 29.
Bf6 {Intending Qh6 and mate.} Kh7 {White must now prevent ...Rb2.} 30. Rc2 Rb2
{And now ...Rxc2 would win.} 31. Rdc1 Rxc2 32. Rxc2 Bb7 33. Bxb7 Rxb7 34. Qf4 {
[#]} Rb1 ({Better is} 34... Qd5 $1 $17 35. Qc1 a5) 35. Qe4 $11 {The position
is equal.} Qb7 36. Qxb7 Rxb7 {KRB-KRB} 37. Kg2 a5 38. Bg5 a4 39. Bc1 Bxe5 40.
Rxc5 Bb2 41. Be3 Rd7 1/2-1/2

[Event "Aeroflot Open 2017"]
[Site "Moscow"]
[Date "2017.02.21"]
[Round "1"]
[White "Kraemer, Martin"]
[Black "Korobov, Anton"]
[Result "1-0"]
[WhiteElo "2571"]
[BlackElo "2691"]
[Annotator "TA"]
[PlyCount "103"]
[EventDate "2017.??.??"]

1. e4 e5 2. Nf3 Nc6 3. Bb5 a6 4. Ba4 Nf6 5. O-O Be7 6. Re1 b5 7. Bb3 d6 8. c3
O-O 9. h3 h6 10. d4 Re8 {LiveBook: 527 Games} 11. Nbd2 Bf8 12. Bc2 Bb7 {
White has an edge.} 13. d5 Ne7 14. b3 c6 15. c4 Rc8 16. Nf1 Qc7 17. Ne3 Ng6 18.
Bd2 Nf4 19. Rc1 Qd7 20. Kh2 cxd5 21. cxd5 Rc7 22. Ba5 Rc5 23. Bb6 Rc3 24. Ba5
Rc5 $1 25. Qd2 Rec8 26. Bb4 $36 {White is really pushing.} R5c7 27. Ba5 Rc5 28.
Bb1 h5 29. Rxc5 Rxc5 30. Rc1 g6 (30... Rxc1 $14 31. Qxc1 Ne8) 31. Rxc5 $18 dxc5
{[#]} 32. Bc3 $1 ({And not} 32. Nxe5 Qe8 33. Bc7 Qc8 $11) 32... Bd6 33. Bxe5 (
33. Nxe5 Qe8 34. N5c4 bxc4 35. Bxf6 Nxd5+ 36. Kg1 c3 37. Bxc3 Nxc3 38. Qxc3
Bxe4 39. Bxe4 Qxe4 $11) 33... Bxe5 34. Nxe5 Qd6 $2 (34... Qc7) 35. N3c4 bxc4
36. Qxf4 cxb3 37. axb3 Qb6 $2 (37... a5 38. Bc2 Ba6) 38. g4 hxg4 39. hxg4 Qd6 {
[#] Threatens to win with ...Qxe5!} 40. Kg2 Qe7 41. Bd3 Nxd5 42. exd5 Bxd5+ 43.
Nf3 a5 (43... Kg7 {was necessary.} 44. Bc4 g5) 44. Bc4 Qd7 45. Kg3 Bxc4 46.
Qxc4 (46. bxc4 Qe7 47. Qb8+ Kg7 48. Qe5+ Qxe5+ 49. Nxe5 Kf6 50. Nd7+ Ke6 51.
Nxc5+ Ke5) 46... Qd6+ 47. Qf4 Qd3 48. Qb8+ Kh7 49. Kf4 {Black must now prevent
Qf8.} Qc2 $2 (49... Qc3 $18 50. Qb7 Qf6+ 51. Ke4 Qe6+ 52. Ne5 Kg8) 50. Ng5+ {
White mates.} Kg7 51. Qe5+ Kf8 52. Nh7+ 1-0

[Event "Aeroflot Open 2017"]
[Site "Moscow"]
[Date "2017.02.21"]
[Round "1"]
[White "Svane, Rasmus"]
[Black "Adhiban, B."]
[Result "1/2-1/2"]
[WhiteElo "2570"]
[BlackElo "2682"]
[Annotator "TA"]
[PlyCount "72"]
[EventDate "2017.??.??"]

1. Nf3 Nf6 2. c4 g6 3. Nc3 Bg7 4. e4 d6 5. d4 O-O 6. Be2 Na6 7. O-O e5 8. Be3
Ng4 9. Bg5 Qe8 10. Re1 exd4 11. Nd5 d3 12. Bxd3 c6 13. Ne7+ Kh8 14. Nxc8 Rxc8 {
LiveBook: 5 Games} 15. h3 Ne5 16. Bf1 Nc5 17. Nd4 Ned3 18. Bxd3 {[#] Black
must now prevent Bc2.} Bxd4 19. Bh6 Bg7 20. Bxg7+ {The position is equal.} Kxg7
21. b4 Ne6 22. Be2 Rd8 23. Bg4 c5 24. Bxe6 Qxe6 25. Qb3 cxb4 26. Qxb4 Rd7 27.
Rad1 Rc8 28. Rd5 Rdc7 29. Qb2+ Kg8 30. e5 dxe5 31. Rdxe5 Qd7 32. R5e4 b6 33.
Qf6 Rc6 ({Don't capture} 33... Rxc4 $2 34. Re7 Qxe7 35. Rxe7 $18) 34. Qc3 R6c7
35. Qf6 {[#] aiming for Re7.} Rc6 ({Wrong is} 35... Rxc4 $2 36. Re7 Qxe7 37.
Rxe7 $18) 36. Qc3 R6c7 1/2-1/2

[Event "Aeroflot Open 2017"]
[Site "Moscow"]
[Date "2017.02.21"]
[Round "1"]
[White "Indjic, Aleksandar"]
[Black "Kamsky, Gata"]
[Result "1/2-1/2"]
[WhiteElo "2560"]
[BlackElo "2669"]
[Annotator "TA"]
[PlyCount "128"]
[EventDate "2017.??.??"]

1. d4 d5 2. c4 c6 3. Nf3 {??.} Nf6 4. Nc3 a6 5. e3 g6 6. b4 Bg4 7. Qb3 Bg7 8.
h3 Bxf3 9. gxf3 O-O 10. f4 dxc4 11. Bxc4 Nbd7 12. a3 e6 13. Bb2 Nb6 14. Bd3
Nbd5 15. Ne2 a5 16. O-O Qb6 17. e4 Ne7 18. Rac1 Rfd8 19. Rc5 axb4 20. axb4 Nd7
21. Rc4 c5 (21... Nc8 $11) 22. e5 $14 cxb4 23. Rxb4 Qc6 24. Bb5 Qc8 {[#]} (
24... Qd5 $14) 25. Rc1 $1 $36 {Keeping Black busy.} Nc6 26. Bd3 {Hoping for
Be4.} Ra7 27. Rb5 Ndb8 $2 (27... Nf8 $16 28. Be4 Qd7) 28. Be4 $18 Qd7 29. d5
exd5 30. Rxd5 ({Weaker is} 30. Bxd5 Na5 31. Qd3 Nac6 $16) 30... Qe8 31. Rxd8
Qxd8 32. Rd1 Qe7 {[#]} 33. Nc3 $1 Nd7 34. Nd5 Qd8 $2 {[#]} (34... Qe8 35. Nc7
Qe7) 35. e6 $1 fxe6 {[#]} (35... Nc5 $142 36. e7 Qb8) 36. Nf6+ $1 Bxf6 (36...
Nxf6 37. Qxe6+) 37. Qxe6+ Kf8 38. Rxd7 Qxd7 39. Qxd7 Bxb2 40. Bxc6 Ra1+ 41. Kg2
bxc6 {Endgame KQ-KRB} 42. Qc8+ Kg7 43. Qb7+ Kh6 44. Qxb2 {KQ-KR} Ra5 45. Qc3
Rf5 46. Qxc6 Rxf4 47. Qc1 (47. Qd7 $142 g5 48. Qc6+ Kg7 49. Kg3 h6 50. Qd7+ Kg6
51. Qc6+ Kh7 52. Qc2+ Kg7 53. f3) 47... g5 48. Kg3 Rh4 49. Qc2 Rf4 50. Qc6+ Kg7
51. Qc7+ Kg6 {[#]} 52. Qxf4 $1 (52. Qd6+ $18 Kg7 53. Qe7+ Kg6 54. f3) 52...
gxf4+ $11 53. Kxf4 $18 {KPP-KP} Kf6 54. h4 Ke6 55. Kg5 Kf7 $1 56. Kf5 {And now
Kg5 would win.} Ke7 57. Ke5 Kf7 $1 58. f4 Ke7 59. f5 {Black must now prevent
h5.The position is equal.} Kf7 $1 60. f6 {Threatens to win with Kf5.} Kf8 $1
61. Ke6 {White threatens h5 and mate.} Ke8 62. f7+ Kf8 63. Kf6 {Intending h5
and mate.} h6 64. Kg6 {Threatening mate with Kf6.} h5 $1 1/2-1/2

[Event "Aeroflot Open 2017"]
[Site "Moscow"]
[Date "2017.02.21"]
[Round "1"]
[White "Huzman, Alexander"]
[Black "Dubov, Daniil"]
[Result "1/2-1/2"]
[WhiteElo "2552"]
[BlackElo "2661"]
[Annotator "TA"]
[PlyCount "74"]
[EventDate "2017.??.??"]

1. Nf3 g6 2. d4 Nf6 3. g3 d5 4. Bg2 Bg7 5. O-O O-O 6. Bf4 Nc6 7. c3 {LiveBook:
6 Games} Re8 8. Na3 Bg4 9. Ne5 {The position is equal.} Nxe5 10. Bxe5 Qd7 11.
f3 Be6 12. Qd2 Rac8 13. Rfd1 Bh3 14. Bh1 Red8 15. Nc2 Qe8 16. Nb4 c5 (16... b6
$11) 17. dxc5 $16 Rxc5 18. f4 (18. g4 $14) 18... a5 $11 19. Nc2 Rcc8 20. Nd4
Bf8 {[#] aiming for ...Ne4.} 21. Bxf6 $1 exf6 22. Bf3 Bc5 23. Kh1 h5 24. Qe1 b5
25. a3 Rc7 26. Rd3 Re7 27. b4 (27. Qd2 $15) 27... Bb6 (27... Bxd4 $1 $17 28.
Rxd4 Bg4 29. Bxg4 hxg4) 28. Ra2 (28. bxa5 $15 Bxa5 29. Rb1) 28... Ra7 29. Rad2
axb4 30. axb4 Kg7 31. Rd1 Ra3 32. Qd2 Rd6 33. Re3 Qa8 34. Bg2 ({White should
play} 34. Rd3 Qa4 35. Re1) 34... Ra2 $17 35. Qd3 Bd7 {Black is slightly better.
} 36. h3 Ra1 37. Kh2 Rxd1 1/2-1/2

[Event "Aeroflot Open 2017"]
[Site "Moscow"]
[Date "2017.02.21"]
[Round "1"]
[White "Ramirez, Alejandro"]
[Black "Fedoseev, Vladimir"]
[Result "1/2-1/2"]
[WhiteElo "2549"]
[BlackElo "2658"]
[Annotator "TA"]
[PlyCount "63"]
[EventDate "2017.??.??"]

1. Nf3 d5 2. b3 Bf5 3. Bb2 {??.} e6 4. g3 Nc6 5. Bg2 h5 6. d3 h4 7. Nxh4 Rxh4
8. gxh4 Qxh4 9. e3 Bb4+ 10. Nd2 Bg4 11. Qc1 Nge7 12. h3 (12. Bxg7 $2 Nf5 13. c3
Nxe3 $19) 12... Bh5 13. a3 Ba5 14. b4 Bb6 {And now ...Bxe3 would win.} 15. Nf3
(15. Bxg7 $2 Qg5 16. Bf3 Bxf3 17. Nxf3 Qxg7 $19) 15... Bxf3 $1 16. Bxf3 d4 {
White must now prevent ... dxe3.} 17. e4 Ne5 18. Be2 g5 19. Rg1 f6 20. Rg3 N7g6
21. Qd2 Nf4 22. O-O-O a5 23. Bg4 Kf7 24. Kb1 axb4 25. Qxb4 (25. axb4 $6 Qh8 $14
) 25... Qh8 26. Rh1 $1 Qh4 (26... Ba5 $16 27. Qb3 Ra6) 27. Bc1 $18 {Strongly
threatening Bxf4.} (27. Bxd4 $2 Nc6 28. Qc4 Nxd4 $19) 27... Nfg6 ({Not} 27...
Nxg4 $2 28. Rxg4 Qh8 29. Bxf4 gxf4 30. Rhg1 $18) 28. Qb3 Re8 (28... Nxg4 29.
Rxg4 Qxf2 {[#]} 30. h4 $1) 29. Bf5 Nf4 30. Bg4 Nfg6 $1 ({But not} 30... Nxg4 $2
31. Rxg4 Qh5 32. Bxf4 gxf4 33. Rhg1 $18) 31. Bf5 Nf4 {[#]} 32. Bg4 $2 ({
White has to play} 32. Bxf4 $1 $18 Qxf4 33. Bg4) 1/2-1/2

[Event "Aeroflot Open 2017"]
[Site "Moscow"]
[Date "2017.02.21"]
[Round "1"]
[White "Schroeder, Jan-Christian"]
[Black "Cordova, Emilio"]
[Result "0-1"]
[WhiteElo "2543"]
[BlackElo "2655"]
[Annotator "TA"]
[PlyCount "84"]
[EventDate "2017.??.??"]

1. e4 e6 2. d4 d5 3. Nd2 {??.} a5 4. Ngf3 a4 5. c3 c5 6. Bd3 Nf6 7. O-O Nc6 8.
a3 Be7 9. dxc5 Bxc5 10. Qe2 O-O 11. e5 Nd7 12. c4 f6 13. b4 Ba7 (13... Nd4 $14
14. Bxh7+ Kxh7 15. Qd3+ Kg8 16. bxc5 Nxf3+ 17. Nxf3 Nxc5) 14. exf6 $1 $16 Nxf6
15. Bb2 $36 {White is in control.} Bd7 16. b5 Na5 17. Ng5 Re8 $2 (17... Qe8 $16
) 18. cxd5 $18 exd5 19. Qf3 $2 (19. Bxf6 $1 $18 {is the precise move to win.}
gxf6 20. Qh5) 19... h6 $16 20. Bxf6 $1 Qxf6 21. Qxd5+ Be6 22. Nxe6 Qxe6 {[#]}
23. Qxe6+ (23. Qh5 $1 $16) 23... Rxe6 $14 24. Rad1 Rf8 (24... Rd8 $14 25. Nb1
Kf8) 25. Ne4 Re5 26. Rfe1 Ref5 27. Re2 Nb3 28. g3 Nc5 29. Nxc5 Rxc5 30. Kg2 {
Black must now prevent Re6.} Rc3 {[#]} (30... Kh8 $16) 31. Be4 (31. Re7 $1 $18)
31... Rxa3 $2 (31... Rc7 $16 {keeps fighting.} 32. Rb1 Bc5) 32. Rd7 $18 ({
Don't do} 32. Bxb7 Kh8 33. Red2 Bb6 $18) 32... Rc3 33. Rxb7 Bd4 34. Rd7 Bb6 35.
Rd6 $2 (35. Bd5+ $18 {and the rest is easy.} Kh8 36. Rb7) 35... Rf6 $2 (35...
Rb8 $16 36. Bd5+ Kh8) 36. Bd5+ Kf8 37. Rd7 $2 (37. Be6 $18 Bc7 38. Ra6) 37...
Rd3 $11 38. Rc2 (38. f4 $11 {remains equal.}) 38... Ke8 $17 39. Rxg7 {Hoping
for Rc8+.} Rxd5 40. Rc8+ $2 (40. Ra2 $17) 40... Rd8 $19 41. Rc2 a3 42. Rg8+ $2
(42. Ra2 Rd3 43. Rg8+ Kf7 44. Ra8) 42... Kf7 0-1

[Event "Aeroflot Open 2017"]
[Site "Moscow"]
[Date "2017.02.21"]
[Round "1"]
[White "Gabrielian, Artur"]
[Black "Saric, Ivan"]
[Result "1/2-1/2"]
[WhiteElo "2532"]
[BlackElo "2648"]
[Annotator "TA"]
[PlyCount "81"]
[EventDate "2017.??.??"]

1. e4 c5 2. Nf3 d6 3. d4 cxd4 4. Nxd4 Nf6 5. Nc3 a6 6. Bg5 Nbd7 7. Qe2 Qc7 8.
O-O-O e6 9. f4 b5 10. a3 Bb7 11. g4 Be7 12. Bg2 Rc8 13. Bh4 {LiveBook: 3 Games}
Qc4 14. Qe1 h6 ({Much weaker is} 14... Nxg4 $6 15. Bxe7 Kxe7 {[#]} 16. Nf5+ $1
exf5 17. exf5+ Kf8 18. Bxb7 Qxf4+ 19. Qd2 Qxd2+ 20. Rxd2 $16) 15. Rg1 {White
is slightly better.} g5 16. fxg5 hxg5 17. Bxg5 Rxh2 {With the idea ...Nxe4.}
18. Bf1 (18. Qg3 $14 Rh8 19. Bxf6 Bxf6 20. Qxd6) 18... Qc5 $11 19. Be3 $1 {
aiming for Nf3.} Nxe4 (19... b4 $1 $15 20. axb4 Qxb4) 20. Nf3 $36 {[#] White
has the initiative.} Nxc3 (20... Re2 $1 $11 21. Qxe2 (21. Nxe2 Qxc2#) 21...
Nxc3 22. Bxc5 Nxe2+ 23. Bxe2 Nxc5) 21. Bxc5 $16 Bxf3 22. bxc3 Nxc5 (22... Bxd1
$16 23. Bd4 Bxc2) 23. Qg3 $1 $18 Bg5+ $2 (23... Bxd1 24. Qxh2 Bf3) 24. Kb1 Bxd1
25. Qxh2 Ne4 26. Bd3 Nxc3+ 27. Ka1 Bf6 {[#]} 28. Rf1 $1 Bg7 29. Qh5 Rc7 30.
Rxf7 $2 (30. Qg5 $18 {and the rest is easy.} f6 31. Qg6+ Rf7 32. Kb2) 30...
Rxf7 $2 {[#]} (30... Bxg4 $16 {was called for.} 31. Rxg7+ Bxh5 32. Rxc7 Na4)
31. Bg6 $1 Kf8 32. Bxf7 Bxc2 $2 (32... Bxg4 33. Qxg4 Kxf7 34. Qf3+ Kg6 35. Qg2+
Kf6) 33. Kb2 Bd3 {Threatens to win with ...Ne2+.} 34. Be8 ({Weaker is} 34. Bxe6
Ne2+ 35. Kb3 Nd4+ 36. Kb4 Nc6+ 37. Kb3 Nd4+ 38. Kb4 Nc6+ 39. Kb3 Nd4+ $11)
34... Ne2+ 35. Kb3 Kg8 36. Qf7+ Kh8 {intending .. .a5.} 37. g5 $2 (37. Bd7 $18
{has better winning chances. Strongly threatening Qe8+.} Bc4+ 38. Kc2) 37... a5
$16 38. Qh5+ Kg8 39. Qf7+ Kh8 40. Qh5+ ({White should play} 40. Bxb5 $1 $14
Bxb5 41. g6) 40... Kg8 $11 41. Qf7+ 1/2-1/2

[Event "Aeroflot Open 2017"]
[Site "Moscow"]
[Date "2017.02.21"]
[Round "1"]
[White "Paravyan, David"]
[Black "Swiercz, Dariusz"]
[Result "0-1"]
[WhiteElo "2525"]
[BlackElo "2645"]
[Annotator "TA"]
[PlyCount "72"]
[EventDate "2017.??.??"]

1. e4 e5 2. Nf3 Nc6 3. Bb5 a6 4. Ba4 Nf6 5. O-O Be7 6. Re1 b5 7. Bb3 O-O 8. c3
d5 9. exd5 Nxd5 10. Nxe5 Nxe5 11. Rxe5 c6 12. d3 Bd6 13. Re1 Bf5 14. Qf3 Qh4
15. g3 Qh3 16. Bxd5 cxd5 17. Qxd5 Rad8 18. Qg2 Qh5 {LiveBook: 13 Games} 19. Be3
Bh3 20. Qh1 $1 f5 {Hoping for ...f4.White is slightly better.} 21. Bb6 {
Threatens to win with Qd5+.} Rd7 {Strongly threatening ...f4.} 22. Qd5+ Kh8 $1
{...Bxg3! is the strong threat.} 23. Nd2 {aiming for f4.} Bxg3 $1 24. Qxd7 Bf4
{( -> ...Qg6+)} 25. Qc6 Bxd2 26. Bc5 (26. Qd6 $1 $14 Rg8 27. Qe5) 26... Rg8 $11
({Reject} 26... Bxe1 $6 27. Rxe1 (27. Bxf8 Qg4+ 28. Kh1 Qe2 29. Bxg7+ Kxg7 30.
Qc7+ Kh6 31. Qf4+ Kh5 32. Qxf5+ Bxf5 33. Rxe1 Qxf2 34. h4 Qxe1+ 35. Kg2 Kxh4
36. Kh2 Qd2+ 37. Kh1 Kh3 38. Kg1 Qg2#) 27... Rg8 28. Bd4 $16) 27. Qd5 Bf4 {
White must now prevent ...Bg4.} 28. Re3 $1 Bxe3 29. fxe3 (29. Bxe3 $15 Qg4+ 30.
Kh1) 29... Qe2 30. Bd4 h6 31. b3 $2 (31. a4 $17) 31... Kh7 $2 ({Weaker is} 
31... Qxd3 32. Qf3 Bg4 33. Qg2 $11) (31... Rc8 $19 {has better winning chances.
} 32. c4 bxc4 33. dxc4 Rc7) 32. Qb7 $17 {[#]} Kg6 $1 ({But not} 32... Qxd3 $6
33. Qf3 Bg4 34. Qg2 $11) 33. Qxa6+ $2 (33. a4 $17) 33... Kh5 {Black mates.} 34.
Qc6 {[#]} Rc8 $3 35. Qb7 (35. Qxc8 Qg2#) 35... Re8 36. Qf7+ g6 0-1

[Event "Aeroflot Open 2017"]
[Site "Moscow"]
[Date "2017.02.21"]
[Round "1"]
[White "Sunilduth Lyna, Narayanan"]
[Black "Lysyj, Igor"]
[Result "1/2-1/2"]
[WhiteElo "2524"]
[BlackElo "2643"]
[Annotator "TA"]
[PlyCount "72"]
[EventDate "2017.??.??"]

1. d4 Nf6 2. c4 e6 3. Nf3 {??.} d5 4. Nc3 c5 5. cxd5 Nxd5 6. e4 Nxc3 7. bxc3
cxd4 8. cxd4 Bb4+ 9. Bd2 Bxd2+ 10. Qxd2 ({Reject} 10. Nxd2 Qxd4 11. Bc4 O-O $15
) 10... O-O 11. Bc4 Nc6 12. O-O Na5 13. Bd3 b6 14. Rfe1 Bb7 15. Rad1 Rc8 16. d5
Rc5 17. Qf4 h6 18. h4 exd5 19. e5 Bc8 20. Nd4 Nc6 21. Nf5 Bxf5 22. Qxf5 {[#]}
g6 23. Qg4 {aiming for Bxg6!} Kg7 24. f4 {Black must now prevent f5.The
position is equal.} h5 25. Qg3 {Strongly threatening f5.} f5 26. Be2 Kh7 27.
Bf3 Re8 28. Re2 Re6 29. Red2 Ne7 30. Qg5 Qd7 31. Rd3 Rec6 32. Kh2 Qe6 33. R1d2
Rc7 34. Bd1 Ng8 35. Bb3 Rd7 36. Qg3 Ne7 1/2-1/2